[Event "Montreal Mercredi 05"]
[Site "Montreal CAN"]
[Date "2009.06.03"]
[Round "4"]
[White "Mathews, Theo"]
[Black "Khudaverdian, Berj"]
[Result "0-1"]
[WhiteElo "1716"]
[BlackElo "1727"]
[PlyCount "94"]
[GameId "2160767910156859"]
[EventDate "2009.05.13"]
[EventType "tourn"]
[EventRounds "5"]
[EventCountry "CAN"]
[SourceTitle "EXT 2011"]
[Source "ChessBase"]
[SourceDate "2011.11.26"]
[SourceVersion "1"]
[SourceVersionDate "2011.11.26"]
[SourceQuality "1"]

1. e4 d6 2. d4 Nf6 3. Nc3 g6 4. Nf3 Bg7 5. Bg5 Nbd7 6. Qd2 h6 7. Bh4 c6 8. h3 b5 9. a3 Qc7 10. Bd3 Bb7 11. Bg3 Nh5 12. Bh2 e5 13. dxe5 dxe5 14. O-O O-O 15. Ne2 g5 16. Ned4 Nf4 17. Nf5 Rad8 18. Qe3 Rfe8 19. Nxg7 Kxg7 20. b4 Nf8 21. Rad1 Bc8 22. Qc5 a6 23. Bxf4 gxf4 24. c4 Ne6 25. Qxe5+ Qxe5 26. Nxe5 Nd4 27. Ng4 h5 28. Nh2 Re5 29. c5 Kf6 30. Bb1 Be6 31. Kh1 Rd7 32. Rxd4 Rxd4 33. Nf3 Rdxe4 34. Nxe5 Rxe5 35. Bd3 Bd5 36. Ra1 Rg5 37. f3 Re5 38. Kg1 Re3 39. Bf1 h4 40. a4 Rb3 41. axb5 axb5 42. Ra6 Rxb4 43. Kf2 Ke5 44. Ra8 Kd4 45. Rh8 Rb2+ 46. Ke1 Ke3 47. Re8+ Be6 0-1

[Event "Montreal Mercredi 05"]
[Site "Montreal CAN"]
[Date "2009.06.03"]
[Round "4"]
[White "Messier, Samuel"]
[Black "Neumark-Gaudet, Zev"]
[Result "1-0"]
[WhiteElo "1549"]
[BlackElo "1557"]
[PlyCount "65"]
[GameId "2160767910156860"]
[EventDate "2009.05.13"]
[EventType "tourn"]
[EventRounds "5"]
[EventCountry "CAN"]
[SourceTitle "EXT 2011"]
[Source "ChessBase"]
[SourceDate "2011.11.26"]
[SourceVersion "1"]
[SourceVersionDate "2011.11.26"]
[SourceQuality "1"]

1. e4 d5 2. exd5 Qxd5 3. Nc3 Qa5 4. d4 c6 5. Nf3 Nf6 6. Bc4 Bf5 7. Bd2 Qc7 8. Qe2 e6 9. O-O-O b5 10. Bb3 a5 11. a4 b4 12. Na2 Be7 13. Ne5 O-O 14. g4 Be4 15. g5 Bxh1 16. gxf6 Bxf6 17. Rxh1 Rd8 18. Nxf7 Re8 19. Ne5 Bxe5 20. Qxe5 Qxe5 21. dxe5 Nd7 22. f4 Nc5 23. Bc4 Nxa4 24. Be3 c5 25. f5 g6 26. Bxe6+ Kg7 27. Bg5 h5 28. Bf6+ Kh7 29. fxg6+ Kh6 30. Bf5 Nb6 31. g7 Nd5 32. Rg1 Nxf6 33. exf6 1-0

[Event "Montreal Mercredi 05"]
[Site "Montreal CAN"]
[Date "2009.06.03"]
[Round "4"]
[White "Millette, Sylvain"]
[Black "Wang, Kelly"]
[Result "1/2-1/2"]
[WhiteElo "1652"]
[BlackElo "1564"]
[PlyCount "79"]
[GameId "2160767910156861"]
[EventDate "2009.05.13"]
[EventType "tourn"]
[EventRounds "5"]
[EventCountry "CAN"]
[SourceTitle "EXT 2011"]
[Source "ChessBase"]
[SourceDate "2011.11.26"]
[SourceVersion "1"]
[SourceVersionDate "2011.11.26"]
[SourceQuality "1"]

1. Nf3 d5 2. g3 Nf6 3. Bg2 g6 4. d4 Bg7 5. O-O O-O 6. c3 b6 7. Nbd2 Bb7 8. Ne5 c5 9. dxc5 bxc5 10. Qb3 Qb6 11. c4 e6 12. Ndf3 Nc6 13. Nxc6 Bxc6 14. Qc2 Rfd8 15. Ne5 Bb7 16. Bg5 Rd6 17. Rfd1 h6 18. Bxf6 Bxf6 19. Nd3 d4 20. Bxb7 Qxb7 21. Nxc5 Qe7 22. Ne4 Rc6 23. Nxf6+ Qxf6 24. Qe4 e5 25. Rd3 Qe6 26. b3 f5 27. Qg2 Rd8 28. Rad1 Rcd6 29. e3 dxe3 30. Rxd6 exf2+ 31. Kxf2 Rxd6 32. Rxd6 Qxd6 33. Qa8+ Kf7 34. Qxa7+ Kf6 35. Qe3 Qa3 36. Qd2 g5 37. Qd8+ Kg6 38. Qe8+ Kf6 39. Qh8+ Kg6 40. Qe8+ 1/2-1/2

[Event "Montreal Mercredi 05"]
[Site "Montreal CAN"]
[Date "2009.06.03"]
[Round "4"]
[White "Plante, Michel"]
[Black "Pomerantz, Daniel"]
[Result "1/2-1/2"]
[WhiteElo "2065"]
[BlackElo "1940"]
[PlyCount "124"]
[GameId "2160767910156862"]
[EventDate "2009.05.13"]
[EventType "tourn"]
[EventRounds "5"]
[EventCountry "CAN"]
[SourceTitle "EXT 2011"]
[Source "ChessBase"]
[SourceDate "2011.11.26"]
[SourceVersion "1"]
[SourceVersionDate "2011.11.26"]
[SourceQuality "1"]

1. d4 Nf6 2. Nf3 b6 3. e3 e6 4. Bd3 Bb7 5. Nbd2 c5 6. c3 d5 7. O-O Be7 8. Ne5 O-O 9. f4 Ba6 10. Nc6 Qc7 11. Bxa6 Nxa6 12. Nxe7+ Qxe7 13. Qe2 Nc7 14. b3 cxd4 15. exd4 Nce8 16. f5 Nd6 17. a4 Rfe8 18. a5 Qc7 19. axb6 Qxc3 20. Rxa7 Qxd4+ 21. Qf2 Nxf5 22. Nf3 Qb4 23. Bd2 Qxb3 24. Ng5 h6 25. Nxf7 Ne4 26. Rxa8 Nxf2 27. Nxh6+ gxh6 28. Rxe8+ Kf7 29. Rb8 Ne4 30. Bxh6 Kg6 31. Bf4 Qb2 32. h3 Nh4 33. Rg8+ Kh7 34. Rg4 Qxb6+ 35. Kh2 Ng6 36. Bc1 Qc7+ 37. Kg1 e5 38. Be3 Qe7 39. Rf5 Qe6 40. Rh5+ Kg7 41. Rh6 Qc6 42. Rhxg6+ Qxg6 43. Rxg6+ Kxg6 44. Bb6 d4 45. Kf1 Kf5 46. Ke2 Kf4 47. Bc7 Nc5 48. g3+ Ke4 49. h4 d3+ 50. Kd1 Ne6 51. Bb6 Kf5 52. h5 e4 53. h6 Ng5 54. Bd8 Nh7 55. Bh4 e3 56. Ke1 d2+ 57. Kd1 Ke4 58. Ke2 Kf5 59. Bd8 Kg6 60. Bb6 Kxh6 61. Bxe3+ Kg6 62. Bxd2 Nf6 1/2-1/2

[Event "Montreal Mercredi 05"]
[Site "Montreal CAN"]
[Date "2009.06.10"]
[Round "5"]
[White "Chang, Michael"]
[Black "Matheson, Ben"]
[Result "0-1"]
[WhiteElo "1449"]
[BlackElo "1528"]
[PlyCount "116"]
[GameId "2160767910156863"]
[EventDate "2009.05.13"]
[EventType "tourn"]
[EventRounds "5"]
[EventCountry "CAN"]
[SourceTitle "EXT 2011"]
[Source "ChessBase"]
[SourceDate "2011.11.26"]
[SourceVersion "1"]
[SourceVersionDate "2011.11.26"]
[SourceQuality "1"]

1. e4 e6 2. d4 d5 3. e5 c5 4. c3 Nc6 5. Nf3 Qb6 6. a3 a5 7. Bd3 Bd7 8. Bc2 f6 9. O-O g6 10. exf6 Nxf6 11. dxc5 Bxc5 12. Bg5 Ne4 13. b3 Nxf2 14. Rxf2 Bxf2+ 15. Kh1 Be3 16. Qe2 Bxg5 17. Nxg5 O-O 18. Nd2 Qf2 19. Qd3 Ne5 20. Qh3 Rf7 21. Nxf7 Nxf7 22. Rd1 Rc8 23. Qd3 Ne5 24. Qd4 Qxd4 25. cxd4 Rxc2 26. dxe5 Bb5 27. Nf3 Be2 28. Rb1 Bxf3 29. gxf3 Rf2 30. b4 a4 31. Rc1 Rxf3 32. Rc8+ Kg7 33. Rb8 Rxa3 34. Rxb7+ Kh6 35. Rb6 Rb3 36. Rxe6 Rxb4 37. Ra6 Re4 38. e6 g5 39. e7+ Kg7 40. Rxa4 Rxe7 41. Rd4 Re5 42. Kg2 Kf6 43. Kf3 h6 44. h3 h5 45. Ra4 Rf5+ 46. Ke3 Ke5 47. Ra5 Rf4 48. Rb5 Rh4 49. Rb7 Rxh3+ 50. Kf2 g4 51. Rh7 h4 52. Rh5+ Ke4 53. Rg5 Rf3+ 54. Kg2 Rf4 55. Rh5 h3+ 56. Kg3 d4 57. Ra5 Ke3 58. Ra3+ d3 0-1

[Event "Montreal Mercredi 05"]
[Site "Montreal CAN"]
[Date "2009.06.10"]
[Round "5"]
[White "Crezegut, Anthony"]
[Black "Baran, Marius"]
[Result "1-0"]
[WhiteElo "1673"]
[BlackElo "1691"]
[PlyCount "109"]
[GameId "2160767910156865"]
[EventDate "2009.05.13"]
[EventType "tourn"]
[EventRounds "5"]
[EventCountry "CAN"]
[SourceTitle "EXT 2011"]
[Source "ChessBase"]
[SourceDate "2011.11.26"]
[SourceVersion "1"]
[SourceVersionDate "2011.11.26"]
[SourceQuality "1"]

1. d4 d5 2. Nf3 Bg4 3. e3 Nf6 4. h3 Bxf3 5. Qxf3 e6 6. c4 Be7 7. Nc3 O-O 8. g4 c6 9. Bd2 Nbd7 10. O-O-O a6 11. cxd5 cxd5 12. Bd3 b5 13. g5 Ne8 14. Rdg1 Bxg5 15. Qh5 Bh6 16. Qxh6 g6 17. h4 Ng7 18. h5 Qf6 19. hxg6 fxg6 20. Qxh7+ Kf7 21. Qxg6+ Qxg6 22. Bxg6+ Kf6 23. e4 b4 24. e5+ Nxe5 25. dxe5+ Kxe5 26. f4+ Kd6 27. Ne2 Rac8+ 28. Kb1 a5 29. Rc1 Rxc1+ 30. Bxc1 Nf5 31. Bxf5 Rxf5 32. Nd4 Rf6 33. Re1 a4 34. b3 axb3 35. axb3 Rg6 36. Bd2 Kc5 37. Nxe6+ Kb5 38. f5 Rg2 39. Re2 Rg1+ 40. Kc2 Rf1 41. Re5 Kc6 42. Bxb4 Kb5 43. Bd2 Kc6 44. Nf4 d4 45. Ne2 Kd6 46. Re6+ Kd5 47. Nf4+ Kc5 48. f6 d3+ 49. Kxd3 Rb1 50. b4+ Kb5 51. f7 Rb3+ 52. Kc2 Ra3 53. f8=Q Ra2+ 54. Kd3 Ra3+ 55. Ke2 1-0

[Event "Montreal Mercredi 05"]
[Site "Montreal CAN"]
[Date "2009.06.10"]
[Round "5"]
[White "Khudaverdian, Berj"]
[Black "Levkovsky, Alexandre"]
[Result "0-1"]
[WhiteElo "1727"]
[BlackElo "2164"]
[PlyCount "98"]
[GameId "2160767910156866"]
[EventDate "2009.05.13"]
[EventType "tourn"]
[EventRounds "5"]
[EventCountry "CAN"]
[SourceTitle "EXT 2011"]
[Source "ChessBase"]
[SourceDate "2011.11.26"]
[SourceVersion "1"]
[SourceVersionDate "2011.11.26"]
[SourceQuality "1"]

1. Nf3 d5 2. d3 Nf6 3. g3 c5 4. Bg2 Nc6 5. O-O e5 6. Nbd2 Be7 7. e4 d4 8. a4 O-O 9. Nc4 Qc7 10. Bg5 Ne8 11. Bc1 Bg4 12. h3 Be6 13. b3 Rc8 14. Kh2 a6 15. Na3 Nd6 16. Ng5 Bxg5 17. Bxg5 b5 18. axb5 axb5 19. f4 f6 20. fxe5 Nxe5 21. Bf4 Ra8 22. Bxe5 fxe5 23. Rxf8+ Rxf8 24. Nb1 c4 25. bxc4 bxc4 26. Nd2 g6 27. Nf3 Nf7 28. Qc1 cxd3 29. cxd3 Qxc1 30. Rxc1 Rc8 31. Rxc8+ Bxc8 32. g4 g5 33. Kg3 Kg7 34. h4 h6 35. Bf1 Kf6 36. h5 Ba6 37. Nd2 Nd6 38. Kf3 Bb5 39. Nb3 Nb7 40. Ke2 Ba4 41. Nd2 Nc5 42. Nf3 Bb5 43. Ne1 Nxe4 44. Kf3 Nd2+ 45. Kf2 Nxf1 46. Kxf1 e4 47. Kf2 Bxd3 48. Ng2 Ke5 49. Kg3 e3 0-1

[Event "Montreal Mercredi 05"]
[Site "Montreal CAN"]
[Date "2009.06.10"]
[Round "5"]
[White "Maharisoa, Tantely"]
[Black "Messier, Samuel"]
[Result "1/2-1/2"]
[WhiteElo "1573"]
[BlackElo "1549"]
[PlyCount "116"]
[GameId "2160767910156867"]
[EventDate "2009.05.13"]
[EventType "tourn"]
[EventRounds "5"]
[EventCountry "CAN"]
[SourceTitle "EXT 2011"]
[Source "ChessBase"]
[SourceDate "2011.11.26"]
[SourceVersion "1"]
[SourceVersionDate "2011.11.26"]
[SourceQuality "1"]

1. d4 Nf6 2. Nf3 e6 3. c4 d5 4. e3 c6 5. Bd3 Nbd7 6. cxd5 exd5 7. Nc3 Bd6 8. O-O O-O 9. a3 Re8 10. Qc2 h6 11. h3 a6 12. b4 b5 13. e4 Nxe4 14. Nxe4 dxe4 15. Bxe4 Bb7 16. Bb2 Nf6 17. Bf5 Nd5 18. Ne5 Ne7 19. Bh7+ Kf8 20. Qb3 Nd5 21. Qf3 Nf6 22. Be4 Bxe5 23. dxe5 Nxe4 24. Qxe4 Kg8 25. Qg4 Qg5 26. Qd7 Qe7 27. Qd4 Rad8 28. Qc3 Qe6 29. f4 Qg6 30. Rf3 Qe4 31. Rg3 Re6 32. f5 Qxf5 33. Rf1 Qh5 34. Qe3 Rd1 35. Bd4 Rxf1+ 36. Kxf1 Qd1+ 37. Kf2 Qc2+ 38. Kg1 Bc8 39. Bc5 Rg6 40. Rxg6 Qxg6 41. Kh2 Be6 42. Bd6 Bd5 43. g4 h5 44. Kg3 hxg4 45. hxg4 Qc2 46. Kf4 Qh2+ 47. Qg3 Qh6+ 48. g5 Qg6 49. Qe3 Qh5 50. Kg3 Be6 51. Kf2 Qh2+ 52. Ke1 Qh3 53. Qxh3 Bxh3 54. Ke2 Kh7 55. Ke3 Kg6 56. Be7 Kf5 57. Kd4 Bg2 58. Bd8 Bd5 1/2-1/2

[Event "Montreal Mercredi 05"]
[Site "Montreal CAN"]
[Date "2009.06.10"]
[Round "5"]
[White "Morin, Louis"]
[Black "Plante, Michel"]
[Result "0-1"]
[WhiteElo "1951"]
[BlackElo "2065"]
[PlyCount "44"]
[GameId "2160767910156868"]
[EventDate "2009.05.13"]
[EventType "tourn"]
[EventRounds "5"]
[EventCountry "CAN"]
[SourceTitle "EXT 2011"]
[Source "ChessBase"]
[SourceDate "2011.11.26"]
[SourceVersion "1"]
[SourceVersionDate "2011.11.26"]
[SourceQuality "1"]

1. e4 d6 2. d4 Nf6 3. Nc3 Nbd7 4. Nf3 e5 5. Bc4 Be7 6. dxe5 dxe5 7. Bxf7+ Kxf7 8. Ng5+ Kg6 9. h4 h5 10. Ne6 Qg8 11. Nxc7 Rb8 12. f4 Qc4 13. f5+ Kf7 14. N7d5 Nxd5 15. Qxd5+ Qxd5 16. exd5 Nb6 17. Be3 Nc4 18. Bxa7 Ra8 19. Bf2 Bb4 20. O-O Bxc3 21. bxc3 b5 22. Bc5 Bd7 0-1

[Event "Montreal Mercredi 05"]
[Site "Montreal CAN"]
[Date "2009.06.10"]
[Round "5"]
[White "Pozdnyakov, Alexander"]
[Black "Cote, Philippe"]
[Result "1-0"]
[WhiteElo "1654"]
[BlackElo "1707"]
[PlyCount "21"]
[GameId "2160767910156869"]
[EventDate "2009.05.13"]
[EventType "tourn"]
[EventRounds "5"]
[EventCountry "CAN"]
[SourceTitle "EXT 2011"]
[Source "ChessBase"]
[SourceDate "2011.11.26"]
[SourceVersion "1"]
[SourceVersionDate "2011.11.26"]
[SourceQuality "1"]

1. f4 e5 2. fxe5 d6 3. exd6 Bxd6 4. Nf3 Nf6 5. d4 Ng4 6. Qd3 c5 7. Qe4+ Be6 8. Bg5 Qa5+ 9. Nbd2 cxd4 10. Qxb7 Bd5 11. Qc8+ 1-0

[Event "Montreal Mercredi 05"]
[Site "Montreal CAN"]
[Date "2009.06.10"]
[Round "5"]
[White "Wang, Kelly"]
[Black "Chesnut, Walter"]
[Result "1-0"]
[WhiteElo "1564"]
[BlackElo "1627"]
[PlyCount "65"]
[GameId "2160767910156870"]
[EventDate "2009.05.13"]
[EventType "tourn"]
[EventRounds "5"]
[EventCountry "CAN"]
[SourceTitle "EXT 2011"]
[Source "ChessBase"]
[SourceDate "2011.11.26"]
[SourceVersion "1"]
[SourceVersionDate "2011.11.26"]
[SourceQuality "1"]

1. e4 e5 2. Nf3 Nc6 3. Bc4 Bc5 4. c3 Nf6 5. d4 exd4 6. cxd4 Bb4+ 7. Bd2 Bxd2+ 8. Nbxd2 O-O 9. O-O d5 10. exd5 Nxd5 11. Re1 Nb6 12. Re4 Nxc4 13. Nxc4 Qd5 14. Qe2 Bf5 15. Rf4 Rfe8 16. Ne3 Qd7 17. Qd2 Bg6 18. d5 Ne5 19. Nxe5 Rxe5 20. Rc4 Qd6 21. Rac1 Rh5 22. h3 f5 23. Nf1 f4 24. Qxf4 Qxf4 25. Rxf4 Rxd5 26. Ne3 Rd2 27. Rxc7 Rxb2 28. Nd5 Re8 29. Ne7+ Kh8 30. Nxg6+ hxg6 31. Kh2 Ree2 32. Rc8+ Kh7 33. Rh4# 1-0

[Event "Montreal Saturday op 09"]
[Site "Montreal CAN"]
[Date "2009.09.02"]
[Round "1"]
[White "Deshetres, Michel"]
[Black "Pozdnyakov, Alexander"]
[Result "1-0"]
[WhiteElo "1707"]
[BlackElo "1661"]
[PlyCount "91"]
[GameId "2160767910093040"]
[EventDate "2009.09.02"]
[EventType "tourn"]
[EventRounds "5"]
[EventCountry "CAN"]
[SourceTitle "EXT 2011"]
[Source "ChessBase"]
[SourceDate "2011.11.26"]
[SourceVersion "1"]
[SourceVersionDate "2011.11.26"]
[SourceQuality "1"]

1. c4 f5 2. b3 Nf6 3. Bb2 e6 4. Nf3 Be7 5. Nc3 O-O 6. d4 Ne4 7. Qc2 d5 8. c5 b6 9. b4 a5 10. a3 axb4 11. axb4 Rxa1+ 12. Bxa1 bxc5 13. bxc5 Ba6 14. Ne5 Bf6 15. Qa4 Bxe5 16. dxe5 Bc4 17. Nxe4 fxe4 18. e3 Bxf1 19. Rxf1 Qd7 20. Qxd7 Nxd7 21. Bd4 Rf5 22. f4 Rf8 23. Kf2 Ra8 24. Rb1 Ra2+ 25. Kg3 Ra6 26. Rb7 Rc6 27. Rb5 g6 28. Ra5 Kg7 29. Kh4 h6 30. g4 Kf7 31. Ra1 Ke7 32. Ra5 Kf7 33. Kg3 Kg8 34. h4 Kh7 35. h5 g5 36. f5 Kg7 37. f6+ Kf7 38. Ra1 Nb8 39. Ra8 Na6 40. Rh8 Nxc5 41. Rxh6 Nb3 42. Rh7+ Kf8 43. h6 Nxd4 44. Rh8+ Kf7 45. h7 Ne2+ 46. Kf2 1-0

[Event "Montreal Saturday op 09"]
[Site "Montreal CAN"]
[Date "2009.09.02"]
[Round "1"]
[White "Dumont, Felix"]
[Black "Cvetkovic, Simeon"]
[Result "1/2-1/2"]
[WhiteElo "1806"]
[BlackElo "1763"]
[PlyCount "39"]
[GameId "2160767910093041"]
[EventDate "2009.09.02"]
[EventType "tourn"]
[EventRounds "5"]
[EventCountry "CAN"]
[SourceTitle "EXT 2011"]
[Source "ChessBase"]
[SourceDate "2011.11.26"]
[SourceVersion "1"]
[SourceVersionDate "2011.11.26"]
[SourceQuality "1"]

1. Nf3 d5 2. c4 c6 3. e3 Nf6 4. Nc3 e6 5. b3 Bd6 6. Be2 Nbd7 7. d4 Qe7 8. O-O O-O 9. Bb2 b6 10. Qc2 Bb7 11. Nd2 Rac8 12. e4 e5 13. dxe5 Bxe5 14. Bd3 Nc5 15. exd5 Nxd3 16. Qxd3 Qd7 17. Rfe1 Bb8 18. Ba3 Rfe8 19. d6 c5 20. Rad1 1/2-1/2

[Event "Montreal Saturday op 09"]
[Site "Montreal CAN"]
[Date "2009.09.02"]
[Round "1"]
[White "Gauthier, Luc"]
[Black "Brousseau, Stephane"]
[Result "0-1"]
[WhiteElo "1710"]
[BlackElo "1657"]
[PlyCount "70"]
[GameId "2160767910093042"]
[EventDate "2009.09.02"]
[EventType "tourn"]
[EventRounds "5"]
[EventCountry "CAN"]
[SourceTitle "EXT 2011"]
[Source "ChessBase"]
[SourceDate "2011.11.26"]
[SourceVersion "1"]
[SourceVersionDate "2011.11.26"]
[SourceQuality "1"]

1. e4 c5 2. Nc3 d6 3. f4 e6 4. Nf3 Nf6 5. Bb5+ Nbd7 6. d3 a6 7. Bxd7+ Bxd7 8. O-O b5 9. Qe1 Be7 10. h3 Bc6 11. g4 b4 12. Nd1 d5 13. e5 Nd7 14. Ne3 Qc7 15. c3 g6 16. cxb4 cxb4 17. Bd2 Qb6 18. Kh2 h5 19. d4 hxg4 20. Nxg4 Bb5 21. Rg1 Bd3 22. Rc1 Be4 23. Ng5 Qxd4 24. Nxe4 dxe4 25. b3 Qb2 26. Rg2 Qxa2 27. Qxe4 Rd8 28. Qc4 Nxe5 29. Nxe5 Rxd2 30. Qc6+ Kf8 31. Rcg1 Qxb3 32. Nf3 Rxg2+ 33. Rxg2 Qe3 34. Rg3 Qxf4 35. Qxa6 Bd6 0-1

[Event "Montreal Saturday op 09"]
[Site "Montreal CAN"]
[Date "2009.09.02"]
[Round "1"]
[White "Germain, Max"]
[Black "Chesnut, Walter"]
[Result "0-1"]
[WhiteElo "1616"]
[BlackElo "1614"]
[PlyCount "32"]
[GameId "2160767910093043"]
[EventDate "2009.09.02"]
[EventType "tourn"]
[EventRounds "5"]
[EventCountry "CAN"]
[SourceTitle "EXT 2011"]
[Source "ChessBase"]
[SourceDate "2011.11.26"]
[SourceVersion "1"]
[SourceVersionDate "2011.11.26"]
[SourceQuality "1"]

1. d4 d5 2. c4 c6 3. Nc3 Nf6 4. e3 a6 5. Qb3 e6 6. c5 Be7 7. Nf3 Nbd7 8. Bd2 b6 9. cxb6 Qxb6 10. Qc2 O-O 11. Na4 Qb8 12. Qxc6 Bb7 13. Qc2 Rc8 14. Nc3 e5 15. h3 e4 16. Ng1 Nb6 0-1

[Event "Montreal Saturday op 09"]
[Site "Montreal CAN"]
[Date "2009.09.02"]
[Round "1"]
[White "Levkovsky, Alexandre"]
[Black "Sarrazin-Gendron, Roman"]
[Result "1-0"]
[WhiteElo "2177"]
[BlackElo "1851"]
[PlyCount "57"]
[GameId "2160767910093046"]
[EventDate "2009.09.02"]
[EventType "tourn"]
[EventRounds "5"]
[EventCountry "CAN"]
[SourceTitle "EXT 2011"]
[Source "ChessBase"]
[SourceDate "2011.11.26"]
[SourceVersion "1"]
[SourceVersionDate "2011.11.26"]
[SourceQuality "1"]

1. e4 c6 2. d4 d5 3. e5 Bf5 4. h4 h5 5. Ne2 e6 6. Nf4 Bg4 7. Be2 Bxe2 8. Qxe2 Be7 9. Nxh5 g6 10. Nf4 Rxh4 11. Rxh4 Bxh4 12. Nc3 Nd7 13. Be3 Bg5 14. O-O-O Qa5 15. Qg4 Bxf4 16. Qxf4 b5 17. Kb1 b4 18. Ne2 c5 19. Rh1 c4 20. Rh8 Ke7 21. Qh4+ Ndf6 22. exf6+ Kd6 23. Qh7 b3 24. Nc3 bxa2+ 25. Ka1 Nxf6 26. Qh2+ Kd7 27. Rxa8 Ne4 28. Nxe4 dxe4 29. Qb8 1-0

[Event "Montreal Saturday op 09"]
[Site "Montreal CAN"]
[Date "2009.09.02"]
[Round "1"]
[White "Mathews, Theo"]
[Black "Millette, Sylvain"]
[Result "1-0"]
[WhiteElo "1644"]
[BlackElo "1579"]
[PlyCount "35"]
[GameId "2160767910093047"]
[EventDate "2009.09.02"]
[EventType "tourn"]
[EventRounds "5"]
[EventCountry "CAN"]
[SourceTitle "EXT 2011"]
[Source "ChessBase"]
[SourceDate "2011.11.26"]
[SourceVersion "1"]
[SourceVersionDate "2011.11.26"]
[SourceQuality "1"]

1. e4 Nf6 2. Nc3 d5 3. exd5 Nxd5 4. Bc4 Nxc3 5. Qf3 e6 6. Qxc3 Qf6 7. Qxf6 gxf6 8. Nf3 Bd7 9. d4 Bc6 10. Be2 Bxf3 11. Bxf3 c6 12. Bf4 Nd7 13. O-O-O O-O-O 14. Bh5 e5 15. dxe5 fxe5 16. Be3 f6 17. Bg4 b6 18. Rxd7 1-0

[Event "Montreal Saturday op 09"]
[Site "Montreal CAN"]
[Date "2009.09.02"]
[Round "1"]
[White "Plante, Michel"]
[Black "Luo, Zhao Yang"]
[Result "0-1"]
[WhiteElo "2049"]
[BlackElo "1898"]
[PlyCount "46"]
[GameId "2160767910093049"]
[EventDate "2009.09.02"]
[EventType "tourn"]
[EventRounds "5"]
[EventCountry "CAN"]
[SourceTitle "EXT 2011"]
[Source "ChessBase"]
[SourceDate "2011.11.26"]
[SourceVersion "1"]
[SourceVersionDate "2011.11.26"]
[SourceQuality "1"]

1. d4 Nf6 2. Nf3 g6 3. Bg5 Bg7 4. Nbd2 d6 5. e4 Nbd7 6. Bc4 O-O 7. Bb3 h6 8. Bh4 g5 9. Bg3 c5 10. c3 b6 11. e5 dxe5 12. dxe5 Nh5 13. Bxf7+ Rxf7 14. Nxg5 Nxg3 15. Nxf7 Kxf7 16. fxg3 Nxe5 17. O-O+ Kg8 18. Nf3 Bg4 19. Qa4 Bxf3 20. gxf3 Qd3 21. Rad1 Nxf3+ 22. Kg2 Nd2 23. Qf4 Qe2+ 0-1

[Event "Montreal Saturday op 09"]
[Site "Montreal CAN"]
[Date "2009.09.02"]
[Round "1"]
[White "Pregent, Daniel"]
[Black "Brichko, Michael"]
[Result "1-0"]
[WhiteElo "1839"]
[BlackElo "1757"]
[PlyCount "39"]
[GameId "2160767910093050"]
[EventDate "2009.09.02"]
[EventType "tourn"]
[EventRounds "5"]
[EventCountry "CAN"]
[SourceTitle "EXT 2011"]
[Source "ChessBase"]
[SourceDate "2011.11.26"]
[SourceVersion "1"]
[SourceVersionDate "2011.11.26"]
[SourceQuality "1"]

1. d4 d5 2. c4 c6 3. Nf3 Nf6 4. e3 e6 5. Nbd2 Nbd7 6. b3 Bd6 7. Bb2 O-O 8. Bd3 Re8 9. Ne5 Qc7 10. f4 c5 11. g4 dxc4 12. bxc4 Nb6 13. g5 Nfd7 14. Bxh7+ Kf8 15. Qh5 Bxe5 16. fxe5 cxd4 17. Ba3+ Nc5 18. exd4 Qc6 19. Bxc5+ Re7 20. Be4 1-0

[Event "Montreal Saturday op 09"]
[Site "Montreal CAN"]
[Date "2009.09.09"]
[Round "2"]
[White "Ber, Alexandre"]
[Black "Germain, Max"]
[Result "1-0"]
[WhiteElo "1589"]
[BlackElo "1616"]
[PlyCount "29"]
[GameId "2160767910093051"]
[EventDate "2009.09.02"]
[EventType "tourn"]
[EventRounds "5"]
[EventCountry "CAN"]
[SourceTitle "EXT 2011"]
[Source "ChessBase"]
[SourceDate "2011.11.26"]
[SourceVersion "1"]
[SourceVersionDate "2011.11.26"]
[SourceQuality "1"]

1. d4 e6 2. c4 Nf6 3. Nf3 b6 4. g3 Bb7 5. Bg2 a6 6. O-O Be7 7. Nc3 O-O 8. e3 d6 9. Re1 c5 10. e4 cxd4 11. Nxd4 Nbd7 12. e5 Bxg2 13. exf6 Nxf6 14. Kxg2 Qd7 15. Qf3 1-0

[Event "Montreal Saturday op 09"]
[Site "Montreal CAN"]
[Date "2009.09.09"]
[Round "2"]
[White "Brichko, Michael"]
[Black "Dumont, Felix"]
[Result "1/2-1/2"]
[WhiteElo "1757"]
[BlackElo "1806"]
[PlyCount "71"]
[GameId "2160767910093052"]
[EventDate "2009.09.02"]
[EventType "tourn"]
[EventRounds "5"]
[EventCountry "CAN"]
[SourceTitle "EXT 2011"]
[Source "ChessBase"]
[SourceDate "2011.11.26"]
[SourceVersion "1"]
[SourceVersionDate "2011.11.26"]
[SourceQuality "1"]

1. d4 Nf6 2. c4 g6 3. Nc3 Bg7 4. e4 d6 5. f3 O-O 6. Nge2 Nc6 7. Bg5 h6 8. Bh4 e5 9. d5 Ne7 10. Qd2 g5 11. Bf2 Ng6 12. g4 Bd7 13. Ng3 Nf4 14. O-O-O a6 15. Be2 b5 16. cxb5 axb5 17. Nf5 b4 18. Nb1 Rxa2 19. h4 Bxf5 20. gxf5 Nh7 21. hxg5 Nxg5 22. Bg3 Qa8 23. Bc4 Ra1 24. Rdf1 Rb8 25. f6 b3 26. Bd3 Bxf6 27. Rxh6 Nxf3 28. Rxf3 Nxd3+ 29. Qxd3 Bg5+ 30. Bf4 Bxf4+ 31. Rxf4 exf4 32. Qc3 f6 33. Rxf6 Rxb1+ 34. Kxb1 Qa2+ 35. Kc1 Qa1+ 36. Kd2 1/2-1/2

[Event "Montreal Saturday op 09"]
[Site "Montreal CAN"]
[Date "2009.09.09"]
[Round "2"]
[White "Brousseau, Stephane"]
[Black "Gates, Claude-Eric"]
[Result "1-0"]
[WhiteElo "1657"]
[BlackElo "1686"]
[PlyCount "99"]
[GameId "2160767910093053"]
[EventDate "2009.09.02"]
[EventType "tourn"]
[EventRounds "5"]
[EventCountry "CAN"]
[SourceTitle "EXT 2011"]
[Source "ChessBase"]
[SourceDate "2011.11.26"]
[SourceVersion "1"]
[SourceVersionDate "2011.11.26"]
[SourceQuality "1"]

1. c4 Nf6 2. Nc3 e6 3. Nf3 b6 4. d4 Bb4 5. a3 Bxc3+ 6. bxc3 Nc6 7. Bg5 h6 8. Bh4 Ba6 9. e3 Na5 10. Ne5 Qe7 11. Qa4 g5 12. Bg3 Ne4 13. Rc1 Bb7 14. f3 Nxg3 15. hxg3 Nc6 16. Nd3 Qf6 17. c5 e5 18. d5 Ne7 19. e4 a5 20. Rb1 g4 21. Be2 gxf3 22. gxf3 Ba6 23. c4 O-O 24. cxb6 cxb6 25. Nf2 Qg5 26. Ng4 h5 27. Rxh5 Qg6 28. Rh4 f5 29. Nh6+ Kg7 30. Nxf5+ Rxf5 31. Rg4 Rg5 32. Qxd7 Kf7 33. d6 Rxg4 34. Qxe7+ Kg8 35. fxg4 Qxe4 36. Qg5+ Kh8 37. Qf6+ Kg8 38. Qf5 Qe3 39. Qd3 Qc5 40. Qd5+ Kg7 41. Qxc5 bxc5 42. Rb6 Kf6 43. Bf3 Ra7 44. Bc6 Bc8 45. d7 Bxd7 46. Bxd7+ Ke7 47. Bf5 Rc7 48. Re6+ Kf7 49. Rxe5 Rb7 50. Rxc5 1-0